Normal view
MARC view
Entry Personal Name
001 - CONTROL NUMBER
- control field: 815532
003 - CONTROL NUMBER IDENTIFIER
- control field: OSt
005 - DATE AND TIME OF LATEST TRANSACTION
- control field: 20250714124101.0
008 - FIXED-LENGTH DATA ELEMENTS
- fixed length control field: 250714|| aca||aabn | a|a d
040 ## - CATALOGING SOURCE
- Original cataloging agency: OSt
- Transcribing agency: OSt
100 ## - HEADING--PERSONAL NAME
- Personal name: Gyires, B
670 ## - SOURCE DATA FOUND
- Source citation: Work cat.: (OSt)489298: Jordan, Karoly 245245, Chapters on the classical calculus of probability, 1972
